000 00994nas a2200325 4500
001 BR9213265
003 BR-BrBNA
005 20231205095242.0
007 ta
008 230509b bl.|||p| |||| 00| 00por d
040 _aBR-BrBNA
_bpor
_cBiblioteca Nacional de Agricultura
041 _a(Pt)
072 _aH10
100 1 _aLeite, L.G.
100 1 _aCamargo, L.M.P.C.A.
100 1 _aBatista Filho, A.
100 1 _aUrashima, A.S.
100 1 _aAsayama, T.
100 1 _aVilella, N.L.O.
100 1 _aPrada, W.L.A.
245 1 _aControle de adultos do gorgulho aquatico do arroz pela aplicacao da mistura do fungo Beauveria bassiana com oleo de soja, em campos irrigados
650 _aArroz
650 _aGorgulho
650 _aFungo
650 _aOleo Vegetal
650 _aSoja
773 0 _tAnais da Sociedade Entomologica do Brasil (Brazil)
_xISSN 0301-8059
_g(1992), v. 21(1) p. 83-94
_wBR9213265
909 _a202311
_bLúcia
_c55
_dLúcia Elande
942 _2AGRIS
_n0
_cANA
999 _c149607
_d149607